Представление документа в формате RUSMARC

ПолеНазваниеЗначение
  Тип записи a
  Библиографический уровень c
001 Контрольный номер RU\NLR\bibl\1215247
005 Дата корректировки 20201206204742.0
010 Индекс ISBN __
a ISBN 978-5-89577-105-1
d Цена 253-00
021 № государственной регистрации __
b № документа 08-14299
b № документа 776
100 Данные общей обработки __
a Данные общей обработки 19080220d2008 |||y0rusy0189 ca
101 Язык документа __
a Язык текста rus
102 Страна публикации __
a Страна публикации RU
105 Кодированные данные (монография) __
a Кодированные данные (монография) y |||||||zy
200 Заглавие и сведения об ответственности __
a Заглавие Интеллигенция: смена вех
e Сведения, относящиеся к заглавию критика. Эссе. Портреты
f Первые сведения об ответственности Игорь Золотусский
b Общее обозначение материала Текст
210 Выходные данные __
a Место издания М.
c Издательство Рус. мiръ
c Издательство Моск. учебники
d Дата издания 2008
215 Физическое описание __
a Объем 478, [2] с.
225 Серия __
a Серия Литературная премия Александра Солженицына
320 Библиография __
a Библиография Др. произведения авт. на 477-й с.
327 Примечание о содержании __
a Примечание о содержании Критика. Эссе
327 Примечание о содержании __
a Примечание о содержании Портреты
327 Примечание о содержании __
a Примечание о содержании Из книги "Смех Гоголя"
327 Примечание о содержании __
a Примечание о содержании Москва, 14 апреля 2005 года
330 Аннотация __
a Аннотация В книгу известного в России и за рубежом писателя, ведущего специалиста по творчеству Н. В. Гоголя - Игоря Петровича Золотусского вошли эссе и статьи о творчестве российских писателей, литературоведческие работы о Пушкине, Гоголе, Достоевском и других.
600 Персоналии __
a Персоналии (Фамилия) Пушкин, А. С.
600 Персоналии __
a Персоналии (Фамилия) Гоголь, Н. В.
600 Персоналии __
a Персоналии (Фамилия) Достоевский, Ф. М.
600 Персоналии __
a Персоналии (Фамилия) Набоков, В. В.
605 Заглавие как предмет __
a Заглавие Преступление и наказание
605 Заглавие как предмет __
a Заглавие Ревизор
605 Заглавие как предмет __
a Заглавие Мертвые души
605 Заглавие как предмет __
a Заглавие Белая гвардия
606 Тематические рубрики __
a Основная рубрика Литературоведение
606 Тематические рубрики __
a Основная рубрика Русская литература в целом
610 Ключевые слова __
a Ключевые слова литературная критика; литературное творчество; литературное наследие; литературно-критические статьи; писатели; персоналии; литературные премии; тема интеллигенции
686 Индексы других классификаций __
a Классификационный индекс 83.3(2Рос=Рус)6
700 Автор _1
a Фамилия Золотусский
b Имя И. П.
f Даты 1930-
g Полное личное имя Игорь Петрович
4 Код отношения 070
801 Источник записи _0
a Страна RU
b Организация Муниципальное бюджетное учреждение культуры "Централизованная библиотечная система" г. Сургут (Центральная городская библиотека им. А. С. Пушкина)
c Дата составления 20080220
g Правила каталогизации КиК/Елгина
801 Источник записи _1
a Страна RU
b Организация Муниципальное бюджетное учреждение культуры "Централизованная библиотечная система" г. Сургут (Центральная городская библиотека им. А. С. Пушкина)
c Дата составления 20080220
g Правила каталогизации КиК/Елгина
852 Данные о местонахождении __
j Шифр хранения 83.3(2Рос=Рус)6
c Каталожный индекс 83.3(2Рос=Рус)6
i Авторский знак З-81
901 Тип документа __
t Тип документа x
903 Характеристики (МАРС) __
a Дата передачи 20101022
969 Тип издания __
a Тип издания сборник
990 Данные о заказе (DOS) __
j Количество экземпляров (DOS) 3
t N записи в КСУ для И/У (DOS) 201011